Библиотека в демократическом контексте; Статья 1. Библиотека и политические ценности; Научные и технические библиотеки; № 6

Bibliografiske detaljer
Parent link:Научные и технические библиотеки: ежемесячный сборник по вопросам теории и практики библиотечного дела/ Государственная публичная научно-техническая библиотека России.— , 1994-.— 0130-9765
№ 6.— 2006.— С. 5-18
Hovedforfatter: Басов С. А. Сергей Александрович
Sprog:russisk
Udgivet: 2006
Fag:
Format: MixedMaterials Book Chapter
KOHA link:https://koha.lib.tpu.ru/cgi-bin/koha/opac-detail.pl?biblionumber=401789

MARC

LEADER 00000naa2a2200000 4500
001 401789
005 20231101065621.0
035 |a (RuTPU)RU\TPU\prd\46109 
090 |a 401789 
100 |a 20060913a2006 k y0rusy50 ca 
101 0 |a rus 
102 |a RU 
200 1 |a Библиотека в демократическом контексте  |h Статья 1. Библиотека и политические ценности  |f С. А. Басов 
320 |a Библиогр.: 6 назв. 
461 0 |0 (RuTPU)RU\TPU\prd\1594  |x 0130-9765  |t Научные и технические библиотеки  |o ежемесячный сборник по вопросам теории и практики библиотечного дела  |f Государственная публичная научно-техническая библиотека России  |d 1994- 
463 0 |0 (RuTPU)RU\TPU\prd\44872  |t № 6  |v С. 5-18  |d 2006 
610 1 |a библиотеки 
610 1 |a Россия 
610 1 |a демократия 
610 1 |a политические ценности 
610 1 |a гражданское просвещение 
700 1 |a Басов  |b С. А.  |g Сергей Александрович 
801 1 |a RU  |b 63413507  |c 20060913  |g PSBO 
801 2 |a RU  |b 63413507  |c 20060913  |g PSBO 
942 |c BK